Atletico Madrid - Statistiques

Statistiques générales
  • Ce quiz a été pris 61 fois
  • Le résultat moyen est 4 sur 25
Statistiques - réponses
Nb Buts Joueur Top % Correct
141 Antoine Griezmann 2
96%
128 Fernando Torres 3
70%
47 Koke 24
47%
151 Luis Aragones 1
30%
83 Diego Costa 10
28%
96 Diego Forlan 6
28%
70 Radamel Falcao 14
23%
58 Angel Correa 18
18%
101 Sergio Aguero 5
18%
45 Raul Garcia 25
9%
72 Hugo Sanchez 13
5%
87 Adelardo 8
4%
47 Paulo Futre 23
4%
59 Adrian Escudero 17
0%
55 Baltazar 19
0%
67 Enrique Collar 15
0%
54 Javier Irureta 20
0%
83 Joaquin Peiro 9
0%
74 Jorge Mendonca 11
0%
119 Jose Eulogio Garate 4
0%
47 Jose Luis Caminero 22
0%
88 Manolo 7
0%
63 Narvaez 16
0%
73 Paco Campos 12
0%
52 Roberto Marina 21
0%
Aucun quiz correspondant
Distribution des résultats
% des personnes avec chaque résultat
Percentile par nombre de réponses
Votre historique - résultats
Vous n’avez pas pris ce quiz